Southville International School and Colleges
Your cart is empty.
  • Cart
  • Lists
    Public lists Eva Luna New books Lux_list list_1
    Your lists Log in to create your own lists
  • Log in to your account
  • Your cookies
  • Search history
Southville International School and Colleges
  • Advanced search
  • Recent comments
  • Most popular
  • Libraries

Log in to your account

Log in with GOOGLE


If you do not have an external account, but do have a local account, you can still log in:

  1. Home
  2. MARC view: Operations management :
Normal view MARC view ISBD view

Operations management : (Record no. 15594)

[ view plain ]
MARC details
000 -LEADER
fixed length control field 01459cam a2200373 a 4500
001 - CONTROL NUMBER
control field 15037242
003 - CONTROL NUMBER IDENTIFIER
control field OSt
005 - DATE AND TIME OF LATEST TRANSACTION
control field 20140310182743.0
008 - FIXED-LENGTH DATA ELEMENTS--GENERAL INFORMATION
fixed length control field 071009s2009 njua b 001 0 eng
010 ## - LIBRARY OF CONGRESS CONTROL NUMBER
LC control number 2007041566
020 ## - INTERNATIONAL STANDARD BOOK NUMBER
International Standard Book Number 9789812532757
035 ## - SYSTEM CONTROL NUMBER
System control number (OCoLC)ocn174040264
035 ## - SYSTEM CONTROL NUMBER
System control number (OCoLC)174040264
040 ## - CATALOGING SOURCE
Original cataloging agency DLC
Transcribing agency DLC
Modifying agency BAKER
-- C#P
-- BWX
-- DLC
050 00 - LIBRARY OF CONGRESS CALL NUMBER
Classification number TS 155
Item number .R755 2009
100 1# - MAIN ENTRY--PERSONAL NAME
Personal name Russell, Roberta S.
245 10 - TITLE STATEMENT
Title Operations management :
Remainder of title along the supply chain /
Statement of responsibility, etc Roberta S. Russell, Bernard W. Taylor III.
250 ## - EDITION STATEMENT
Edition statement 6th ed.
260 ## - PUBLICATION, DISTRIBUTION, ETC. (IMPRINT)
Place of publication, distribution, etc Hoboken, NJ :
Name of publisher, distributor, etc John Wiley & Sons,
Date of publication, distribution, etc 2009.
300 ## - PHYSICAL DESCRIPTION
Extent xxx, 776 p. :
Other physical details col. ill. ;
Dimensions 29 cm.
500 ## - GENERAL NOTE
General note Rev. ed. of: Operations management : quality and competitiveness in a global environment. 2006. 5th ed.
504 ## - BIBLIOGRAPHY, ETC. NOTE
Bibliography, etc Includes bibliographical references and index.
521 ## - TARGET AUDIENCE NOTE
Target audience note
562 ## - COPY AND VERSION IDENTIFICATION NOTE
Number of copies for circulation. 1 copy available in the collection
650 #0 - SUBJECT ADDED ENTRY--TOPICAL TERM
Topical term or geographic name as entry element Production management.
650 #0 - SUBJECT ADDED ENTRY--TOPICAL TERM
Topical term or geographic name as entry element Quality control.
700 1# - ADDED ENTRY--PERSONAL NAME
Personal name Taylor, Bernard W.
856 42 - ELECTRONIC LOCATION AND ACCESS
Materials specified Publisher description
Uniform Resource Identifier <a href="http://www.loc.gov/catdir/enhancements/fy0814/2007041566-d.html">http://www.loc.gov/catdir/enhancements/fy0814/2007041566-d.html</a>
856 41 - ELECTRONIC LOCATION AND ACCESS
Materials specified Table of contents only
Uniform Resource Identifier <a href="http://www.loc.gov/catdir/enhancements/fy0814/2007041566-t.html">http://www.loc.gov/catdir/enhancements/fy0814/2007041566-t.html</a>
906 ## - LOCAL DATA ELEMENT F, LDF (RLIN)
a 7
b cbc
c orignew
d 1
e ecip
f 20
g y-gencatlg
942 ## - ADDED ENTRY ELEMENTS (KOHA)
Source of classification or shelving scheme Library of Congress Classification
Koha item type Books
Call number prefix Foreign
Holdings
Withdrawn status Lost status Source of classification or shelving scheme Damaged status Home library Current library Shelving location Date acquired Total Checkouts Full call number Barcode Date last seen Copy number Price effective from Koha item type
    Library of Congress Classification   College Library College Library General Circulation Section 02/10/2014   TS 155 .R755 2009 C10632 05/15/2018 1 02/10/2014 Books

Operations management :

APA

Russell R. S., Taylor B. W., . (2009). Operations management. Hoboken, NJ: John Wiley & Sons.

Chicago

Russell Roberta S, Taylor Bernard W, . 2009. Operations management. Hoboken, NJ: John Wiley & Sons.

Harvard

Russell R. S., Taylor B. W., . (2009). Operations management. Hoboken, NJ: John Wiley & Sons.

MLA

Russell Roberta S, Taylor Bernard W, . Operations management. Hoboken, NJ: John Wiley & Sons. 2009.

  • Place hold
  • Print
  • Cite
  • Add to your cart (remove)
  • Save record
    BIBTEX Dublin Core MARCXML MARC (non-Unicode/MARC-8) MARC (Unicode/UTF-8) MARC (Unicode/UTF-8, Standard) MODS (XML) RIS
  • More searches
    Search for this title in:
    Other Libraries (WorldCat) Other Databases (Google Scholar) Online Stores (Bookfinder.com) Open Library (openlibrary.org)

Exporting to Dublin Core...

SOUTHVILLE LIBRARY

Southville International School and Colleges Library

1281 Tropical Ave. Cor. Luxembourg St., BF Homes International, Las Pinas City

Tel. No. 8256374 / 252358 Loc. 117/146

Powered by Koha